Firma/marka na P - Statystyki

Ogólne statystyki
  • Ten quiz został rozwiązany 31 razy
  • Średni wynik to 3 z 10
Statystyki odpowiedzi
Odpowiedź % Poprawnych
Porsche
71%
Puma
61%
Pepsi
46%
Pepco
36%
Panasonic
25%
Philips
21%
Polomarket
18%
Pampers
14%
Plus
14%
Pull&bear
14%
Nie znaleziono quizów pasujących do podanych kryteriów
Rozkład punktacji
Procent ludzi z każdym wynikiem
Percentyl według liczby udzielonych odpowiedzi
Twoja historia wyników
Nie rozwiązałeś tego quizu